Kahānī aura kahānī. (Record no. 68680)

MARC details
000 -LEADER
fixed length control field 00572cam a22002291 4500
001 - CONTROL NUMBER
control field sa 66003027
003 - CONTROL NUMBER IDENTIFIER
control field DLC
005 - DATE AND TIME OF LATEST TRANSACTION
control field 20260227112233.0
008 - FIXED-LENGTH DATA ELEMENTS--GENERAL INFORMATION
fixed length control field 900118s1965 ii b 000 1 hino
010 ## - LIBRARY OF CONGRESS CONTROL NUMBER
LC control number sa 66003027
035 ## - SYSTEM CONTROL NUMBER
System control number (OCoLC)20924237
040 ## - CATALOGING SOURCE
Original cataloging agency DLC
Transcribing agency WaU
Modifying agency DLC
042 ## - AUTHENTICATION CODE
Authentication code premarc
050 00 - LIBRARY OF CONGRESS CALL NUMBER
Classification number PK2077
Item number .M3
100 1# - MAIN ENTRY--PERSONAL NAME
Personal name Madan, Indar Nath.
245 10 - TITLE STATEMENT
Title Kahānī aura kahānī.
260 ## - PUBLICATION, DISTRIBUTION, ETC.
Date of publication, distribution, etc. [1966, i.e. 1965]
300 ## - PHYSICAL DESCRIPTION
Extent 36, 386 p.
Dimensions 19 cm.
500 ## - GENERAL NOTE
General note In Hindi.
504 ## - BIBLIOGRAPHY, ETC. NOTE
Bibliography, etc. note Bibliographical footnotes.
650 #0 - SUBJECT ADDED ENTRY--TOPICAL TERM
Topical term or geographic name entry element Short stories, Hindi.

No items available.

Powered by Koha